MDQL
is popping MORE tags! Check the
thread
!
Quizzes
Events
Quiz Creation
Community
Videos
Private Events
Remove Ads
Sign In
Join for FREE
Feedback
Dark Mode
Quiz Categories
Sports
Geography
Music
Movies
Television
Just For Fun
Miscellaneous
History
Literature
Language
Science
Gaming
Entertainment
Religion
Holiday
For Kids
Quiz Lab
Recent
Popular Today
Quiz Kudos Today
Editor Picks
Curator Picks
Quizzes by...
Day
Popularity
Type
Ratings
Length
Year
Community
Subscriptions
Recent Discussions
Orange Saloon
Badges
Playlists
Quests
Create
Leaderboards
Showdown
Live 5
Trivia Bingo
Activity
Puzzle Library
Sporcle Events
Private Events
Virtual Trivia
Globe League
Become a Host
Pub Owners
SporcleCon
Opinionation
Our Games
Videos
Blog
Mobile Apps
Partnerships
Remove Ads and Go Orange
Feedback
Movies
Disney
Marvel Cinematic Universe
Movie Resume
Movie Titles
Oscar
Actor
Actress
Director
Pixar
Role
Movie Quotes
Movie Characters
Box Office
Nominee
Best Picture
Star Wars
James Bond
Horror Movies
Movies
Disney
Marvel Cinematic Universe
Movie Resume
Movie Titles
Oscar
Actor
Actress
Director
Pixar
Role
Movie Quotes
Movie Characters
Box Office
Nominee
Best Picture
Star Wars
James Bond
Horror Movies
Random Quiz
Search Sporcle
×
Quiz Lab
Quiz Lab
Movies
Musical
Type in answers that appear in a list
Type in answers that appear in a list
Classic
Best Score? Go Orange.
Dr Horrible's Sing Along Blog Lyrics 10 Stats
Can you name the lyrics to this Dr Horrible's Sing Along Blog song?
By
LittleMouse
15m
251 Questions
31 Plays
31 Plays
31 Plays
Comments
Comments
Give Quiz Kudos
Give Quiz Kudos
-
- Ratings
hide this ad
Replay
Link that replays current quiz
Next Quiz
Link to next quiz in quiz playlist
You Got
0%
They Got
Avg Score
73%
Avg Friend Score
Upgrade to see
Score Distribution
Jump to the score distribution portion of the page
Score
0/251
Timer
15:00
0
Plays Today
Lyric
% Correct
and
93.5%
a
93.5%
and
93.5%
a
93.5%
a
93.5%
I
93.5%
(We
93.5%
I
93.5%
the
93.5%
the
93.5%
a
93.5%
and
93.5%
a
93.5%
and
93.5%
and
93.5%
and
93.5%
and
93.5%
the
93.5%
A
93.5%
a
93.5%
a
93.5%
a
93.5%
a
93.5%
a
93.5%
a
93.5%
So
83.9%
so
83.9%
So
83.9%
so
83.9%
It
80.6%
to
80.6%
in
80.6%
in
80.6%
they
80.6%
to
80.6%
in
80.6%
In
80.6%
of
80.6%
of
80.6%
to
80.6%
in
80.6%
to
80.6%
in
80.6%
in
80.6%
they
80.6%
in
80.6%
in
80.6%
of
80.6%
in
80.6%
in
80.6%
in
80.6%
not
77.4%
you
77.4%
that?
77.4%
you
77.4%
is
77.4%
is
77.4%
is
77.4%
their
77.4%
not
77.4%
you
77.4%
their
77.4%
their
77.4%
not
77.4%
that
77.4%
not
77.4%
their
77.4%
do
77.4%
that
77.4%
their
77.4%
You
77.4%
you
77.4%
you
77.4%
that
77.4%
their
77.4%
not
77.4%
you
77.4%
their
77.4%
you
77.4%
their
77.4%
But
74.2%
But
74.2%
hero
74.2%
own
74.2%
Lyric
% Correct
way
74.2%
but
74.2%
it's
74.2%
hero
74.2%
own
74.2%
way
74.2%
own
74.2%
way
74.2%
Penny
74.2%
had
74.2%
sex)
74.2%
can
74.2%
It's
74.2%
you've
74.2%
hero
74.2%
own
74.2%
way
74.2%
can
74.2%
out
74.2%
hero
74.2%
own
74.2%
way
74.2%
hero
74.2%
hero
74.2%
own
74.2%
way
74.2%
can
74.2%
it's
74.2%
hero
74.2%
own
74.2%
way
74.2%
hero
74.2%
own
74.2%
way
74.2%
may
71%
feel
71%
too
71%
classy
71%
begging
71%
just
71%
eat
71%
know
71%
who
71%
does
71%
Lassie
71%
she
71%
always
71%
gets
71%
treat
71%
your
71%
you're
71%
where
71%
your
71%
your
71%
your
71%
Everyones
71%
Everyones
71%
got
71%
They're
71%
as
71%
as
71%
know
71%
know
71%
your
71%
place
71%
Everyone's
71%
heroic
71%
thank
71%
my
71%
girlfriend
71%
totally
71%
She
71%
me
71%
there's
71%
many
71%
muscles
71%
flex
71%
There's
71%
deltoids
71%
compassion
71%
There's
71%
abs
71%
being
71%
kind
71%
Lyric
% Correct
enough
71%
bash
71%
heads
71%
got
71%
bash
71%
minds
71%
Everyone's
71%
Everyone's
71%
got
71%
something
71%
Get
71%
up
71%
Go
71%
guy
71%
who
71%
smells
71%
like
71%
poo
71%
Everyone's
71%
mostly
71%
me
71%
you're
71%
Everyone's
71%
Everyone
71%
you're
71%
Everyone's
71%
too
71%
just
71%
like
71%
too
71%
Everyone's
71%
wonder
67.7%
what
67.7%
depressed
67.7%
home
67.7%
heart
67.7%
real
67.7%
home's
67.7%
chest
67.7%
cool
67.7%
mine
67.7%
folks
67.7%
showed
67.7%
different
67.7%
fly
67.7%
Especially
67.7%
I'm
67.7%
I'm
67.7%
if
67.7%
If
67.7%
homeless
64.5%
must
64.5%
fine
64.5%
trail
64.5%
face
61.3%
poverty's
61.3%
new
61.3%
sheriff
61.3%
blaze
61.3%
hero's
61.3%
tard
61.3%
will
61.3%
prevail
61.3%
part
58.1%
bashing
58.1%
slums
58.1%
doesn't
58.1%
care
58.1%
bunch
58.1%
scary
58.1%
alcoholic
58.1%
bums
58.1%
hard
58.1%
friggin
58.1%
'cause
54.8%
We're
54.8%
heroes
54.8%
We're
54.8%
We're
54.8%
heroes
54.8%
Don't
48.4%
worry
48.4%
villians
32.3%
Quiz Playlist
Details
Report
Send in Message
Add To Playlist
Classic:
Type in answers that appear in a list
Last Updated: Sep 14, 2017
Quiz Scoreboard
CHALLENGE
Sign Up to Join the Scoreboard
Show All
Scores
Hide
Comments
May contain spoilers
Recently Published
Street Fighter Characters
by Artimus82
Gaming
60s
9x9 Crossword: Cartoon Network
by jackfrog10
Miscellaneous
3m
College Basketball Coaching Resumes
by pancakes188
Sports
9m
More to Explore
Quiz From the Vault
Featured Blog Post
Where Did the Easter Bunny Come From?
hide this ad
You Might Also Like...
Tags
Lyrics Quiz
Musical Quiz
Cult Movie
Dr Horrible
Figure Out the Lyrics
Joss Whedon
Movie Musicals
Today's Top Quizzes in Movies
Browse Movies
hide this ad
Today's Top Quizzes in Musical
Browse Musical
Top Contributed Quizzes in Movies
1
Pick 5 Posters: Directed by Spielberg
2
7-to-1: Pixar Characters
3
Pick 5 Posters: Lowest-Rated Spielberg
4
Hidden Star Wars Character II
5
Sorting Actors
6
Sorting Actresses
7
Pick 5 Posters: Directed by Scorsese
8
Hidden Star Wars Character III
9
Pick 5 Posters: Star & Director
10
Hidden Star Wars Character IV
Explore More
Trending Topics
Anime
Disney
Crossword
Kpop
Marvel
Harry Potter
NBA
The Office
Puzzle
Pokémon
Soccer
Song
WWE
Country
NFL
hide this ad
More By:
LittleMouse
Quiz
Plays
Rating
Category
Featured
Created
Dr. Horrible Follow the Line
206
3.25
Movies
May 8, 2015
Dr. Horrible's Sing Along Blog Lyrics 3
64
5.00
Music
May 8, 2015
Dr. Horrible's Sing Along Blog Lyrics
62
3.00
Music
May 8, 2015
Dr. Horrible's Sing Along Blog Lyrics 8
61
5.00
Movies
Oct 10, 2015
Dr. Horrible's Sing Along Blog Lyrics 4
58
3.33
Movies
May 8, 2015
Go to Creator's Profile
Score Distribution
Quiz Creator Spotlight
LittleMouse
Follow
Send a Message
Quizzes Created
-
Created Quiz Play Count
-
More By This Creator
Popular Quizzes Today
1
Find the US States - No Outlines Minefield
2
Find the Countries of Europe - No Outlines Minefield
3
The Countries of the World
4
Find the US States
5
Risky Map Clicking: Biggest States A-Z
6
US States
7
Popular People in 1961
8
Movies - When Are They Set?
More Movies Quizzes
Tom Hanks Movies Venn Diagram
Published
Trending Quizzes
Risky Map Clicking: Least Populous States A-Z
Countries of the World: 200 Million BC
1-10 Letter G Words
Risky Map Clicking: Next State Alphabetically
Adjectives in 80s TV Shows
Recently Updated
Leaping Animals
pecheneg
Reality TV Shows (A-Z)
bhenderson79
Rickey Henderson's Hall of Fame Teammates
pecheneg
Champions League XIs: Arsenal
pecheneg
Quick Pick: Celebrities in WWE's Hall of Fame
aduchscher
A-Z Keypad Blitz II
pecheneg
Multiple Oscar Actors
pecheneg
Mystery Phrase Blitz: Oscar 'Best Actors'
pecheneg
F. Scott Fitzgerald Novels
LTH
Pick 3 Villains
ddd62291
Trending Topics
Crossword
Disney
Anime
Harry Potter
Marvel
NBA
Kpop
WWE
The Office
Soccer
Country
Pokémon
NFL
Song
Puzzle
Your Account Isn't Verified!
In order to create a playlist on Sporcle, you need to verify the email address you used during registration. Go to your
Sporcle Settings
to finish the process.
Report this User
Report this user for behavior that violates our
Community Guidelines
.
Details:
Send Report
Go to the Sporcle.com Mobile Site →
Comments